Count to 10 in Europe - Extreme - Statistics

General Stats
  • This quiz has been taken 96 times
  • The average score is 79 of 240
Answer Stats
Language # Answer % Correct
Irish 6 a sé
99%
French 1 un
99%
Danish | Italian | Swedish 3 tre
97%
Italian | Spanish 1 uno
97%
English | French 6 six
95%
Irish 2 a dó
94%
Danish 9 ni
94%
English 1 one
94%
Portuguese 3 três
94%
Spanish 3 tres
94%
English 2 two
94%
English 5 five
93%
English 4 four
93%
English 3 three
93%
Spanish 2 dos
92%
English 8 eight
92%
English 9 nine
92%
English 7 seven
92%
English 10 ten
92%
Italian 4 quattro
89%
Portuguese | Spanish 5 cinco
78%
Italian 6 sei
78%
French 5 cinq
77%
Lithuanian 2 du
77%
Portuguese 4 quatro
77%
French 3 trois
72%
German 2 zwei
72%
French 2 deux
71%
German 3 drei
71%
French 4 quatre
71%
Portuguese | Spanish 6 seis
71%
Dutch | German 8 acht
67%
German 5 fünf
66%
Spanish 8 ocho
66%
French 7 sept
66%
German 7 sieben
66%
Dutch | German 4 vier
66%
French 9 neuf
64%
German 9 neun
63%
French 10 dix
62%
German 1 eins
62%
Spanish 9 nueve
62%
German 6 sechs
61%
Italian 7 sette
61%
Spanish 4 cuatro
60%
French 8 huit
60%
Spanish 7 siete
60%
Italian 2 due
59%
Hungarian 5 öt
57%
Bulgarian 3 три
54%
Irish 3 a trí
54%
Italian | Portuguese 9 nove
54%
Croatian | Slovak | Slovene 3 tri
54%
Czech 3 tři
54%
Italian 5 cinque
53%
German 10 zehn
53%
Spanish 10 diez
52%
Italian 8 otto
49%
Portuguese 7 sete
46%
Swedish 6 sex
46%
Danish 10 ti
44%
Danish 2 to
44%
Portuguese 1 um
41%
Dutch 1 een
39%
Romanian 2 doi
37%
Portuguese 2 dois
36%
Croatian | Czech | Slovak | Slovene 2 dva
36%
Italian 10 dieci
33%
Polish 2 dwa
32%
Czech | Polish | Slovak 1 jeden
32%
Portuguese 10 dez
31%
Dutch 3 drie
31%
Portuguese 8 oito
29%
Dutch 2 twee
29%
Danish 1 et
28%
Danish | Swedish 5 fem
26%
Romanian 3 trei
26%
Dutch 7 zeven
26%
Bulgarian 5 пет
24%
Croatian | Slovene 5 pet
24%
Czech 5 Pět
24%
Bulgarian 9 девет
23%
Bulgarian 10 десет
23%
Croatian | Czech | Slovene 10 deset
23%
Croatian | Slovene 9 devet
23%
Czech 9 devět
23%
Dutch 9 negen
23%
Dutch 10 tien
23%
Dutch 5 vijf
23%
Swedish 4 fyra
22%
Swedish 9 nio
22%
Croatian | Czech | Slovene 6 šest
22%
Slovak 6 šesť
22%
Polish 7 siedem
22%
Swedish 10 tio
22%
Polish 3 trzy
22%
Bulgarian 8 осем
21%
Swedish 8 åtta
21%
Swedish 1 ett
21%
Slovak | Slovene 8 osem
21%
Polish 8 osiem
21%
Polish 5 pięć
21%
Dutch 6 zes
21%
Croatian 4 četiri
20%
Polish 9 dziewięć
20%
Swedish 7 sju
20%
Swedish 2 två
20%
Polish 4 cztery
18%
Polish 10 dziesięć
18%
Croatian 1 jedan
18%
Estonian 2 kaks
18%
Danish 6 seks
18%
Polish 6 sześć
18%
Bulgarian 7 седем
17%
Greek 1 ένα
17%
Croatian 8 osam
17%
Slovak 5 päť
17%
Slovak | Slovene 7 sedem
17%
Bulgarian 2 две
16%
Greek 10 δέκα
16%
Slovene 1 ena
16%
Danish 4 fire
16%
Finnish 2 kaksi
16%
Estonian 3 kolm
16%
Danish 8 otte
16%
Croatian 7 sedam
16%
Finnish 1 yksi
16%
Greek 5 πέντε
15%
Slovak 10 desať
15%
Finnish 3 kolme
15%
Latvian 4 četri
14%
Czech 8 osm
14%
Latvian 3 trīs
14%
Estonian 1 üks
14%
Romanian 1 unu
14%
Estonian 5 viis
14%
Bulgarian 6 шест
13%
Greek 3 τρία
13%
Finnish 8 kahdeksan
13%
Estonian 6 kuus
13%
Finnish 10 kymmenen
13%
Finnish 4 neljä
13%
Czech 7 sedm
13%
Estonian 7 seitse
13%
Slovene 4 štiri
13%
Danish 7 syv
13%
Finnish 5 viisi
13%
Finnish 9 yhdeksän
13%
Bulgarian 1 едно
11%
Greek 7 επτά
11%
Greek 8 οκτώ
11%
Greek 9 εννέα
11%
Slovak 9 deväť
11%
Estonian 10 kümme
11%
Finnish 6 kuusi
11%
Estonian 4 neli
11%
Finnish 7 seitsemän
11%
Bulgarian 4 четири
10%
Romanian 5 cinci
10%
Hungarian 1 egy
10%
Hungarian 3 három
10%
Estonian 8 kaheksa
10%
Estonian 9 üheksa
10%
Greek 4 τέσσερα
9%
Irish 1 a haon
9%
Czech 4 čtyři
9%
Romanian 4 patru
9%
Slovak 4 štyri
9%
Greek 6 έξι
8%
Hungarian 6 hat
8%
Hungarian 7 hét
8%
Hungarian 2 kettő
8%
Romanian 7 şapte
8%
Greek 2 δύο
7%
Latvian 2 divi
7%
Maltese 5 ħamsa
7%
Hungarian 9 kilenc
7%
Hungarian 4 négy
7%
Romanian 9 nouă
7%
Latvian 6 seši
7%
Lithuanian 6 šeši
7%
Maltese 3 tlieta
7%
Latvian 8 astoņi
6%
Latvian 10 desmit
6%
Latvian 9 deviņi
6%
Maltese 9 disgħa
6%
Maltese 10 għaxra
6%
Hungarian 8 nyolc
6%
Romanian 8 opt
6%
Latvian 5 pieci
6%
Romanian 6 şase
6%
Maltese 7 sebgħa
6%
Maltese 6 sitta
6%
Hungarian 10 tíz
6%
Maltese 8 tmienja
6%
Maltese 2 tnejn
6%
Lithuanian 3 trys
6%
Latvian 1 viens
6%
Maltese 1 wieħed
6%
Romanian 10 zece
6%
Irish 4 a ceathair
5%
Irish 5 a cúig
5%
Irish 10 a deich
5%
Irish 8 a hocht
5%
Irish 9 a naoi
5%
Irish 7 a seacht
5%
Lithuanian 8 aštuoni
5%
Lithuanian 9 devyni
5%
Lithuanian 4 keturi
5%
Lithuanian 5 penki
5%
Latvian 7 septiņi
5%
Lithuanian 7 septyni
5%
Lithuanian 1 vienas
5%
Lithuanian 10 dešimt
3%
Maltese 4 erbgħa
3%
No matching quizzes found
Score Distribution
Percent of People with Each Score
Percentile by Number Answered
Your Score History
You have not taken this quiz